000 01128nam a2200277 i 4500
001 17486
003 ES-MaACL
005 20250807233240.0
007 t|
008 010316s2000 sp ||||1| spa d
020 _a84-451-1822-6
080 _a331.5-055.2(460.1-24)
100 1 _aTobío Soler, Constanza.
_9110382
245 1 3 _aLa actividad laboral de las mujeres en las periferias madrileñas
_b: discursos y prácticas /
_cConstanza Tobío, Rosario Sampedro, Mercedes Montero.
260 _a[Madrid] :
_bDirección General de la Mujer de la Comunidad de Madrid,
_c2000.
300 _a361 p. ;
_c22 cm.
490 1 _aPublicaciones/DGM, Dirección General de la Mujer ;
_v17
500 _aEn port.: Universidad Carlos III de Madrid.
650 1 4 _aMujeres-
_xTrabajo-
_yMadrid (Área metropolitana)
_915322
700 1 _aSampedro, María del Rosario.
_9102187
700 1 _aMontero, Mercedes.
_982494
710 1 _aMadrid (Comunidad Autónoma).
_bDirección General de la Mujer.
_95615
830 0 0 _aDGM, Dirección General de la Mujer
_v17
_9228545
852 _aES-MaACL
_jL-24351
999 _c17486
_d17486